| 000 | 00684nam a22001937a 4500 | ||
|---|---|---|---|
| 999 |
_c159395 _d159395 |
||
| 005 | 20181215152335.0 | ||
| 010 | _aENG-124544 | ||
| 020 |
_c395.00 _a9789352808205 |
||
| 035 | _aEN-108076 | ||
| 037 | _bDBAD/PUB. | ||
| 082 | _a381.142 | ||
| 100 | _aTitus, Ray | ||
| 245 |
_aHow a 24x7 digital marketplace is transformingf business: _cby Ray Titus _bround the clock / |
||
| 260 |
_aNew Delhi _bSage Publications India Pvt. Ltd. _c2019 |
||
| 270 |
_aB1/I-1, Mohan Cooperative Industrial Area Mathura Road Post Bag 7 _bNew Delhi _e110044 |
||
| 300 |
_axiv,179p. _c21cm.(pbk) _bill.picture |
||
| 500 | _aIt includes about the author | ||
| 942 |
_2ddc _cEN _mTIT _h381.142 |
||